000
00319nam a22001337a 4500
008
180911b xxu||||| |||| 00| 0 eng d
020
_a
9780072310542
041
_a
eng
080
_a
370
100
_a
48
101
_a
EDU
245
_a
Tasks And Communicating In language Classrooms
_c
Leee.J.F
942
_2
udc
_c
BK
999
_c
47662
_d
47662